| 000 | 00450nam a2200193Ia 4500 | ||
|---|---|---|---|
| 999 |
_c3323 _d3323 |
||
| 003 | 0100 | ||
| 008 | 130227s9999 xx 000 0 und d | ||
| 040 | _cARRUPELIB | ||
| 050 |
_aPR9390.9.H81 _bH4 2010 |
||
| 100 |
_aHuchu, Tendai _943107 |
||
| 245 | 4 |
_aThe hairdresser of Harare _cTendai Huchu |
|
| 260 |
_aHarare _bWeaver Press _c2010 |
||
| 300 | _av | ||
| 300 | _b 189p. 22cm. | ||
| 942 |
_2lcc _01 _cMONOGRAPH |
||